000 00407nam a2200169 a 4500
001 46
005 20230414123539.0
008 140415s1973 ag 000 0 spa d
041 _aspa
082 _a575.1
_bCRO
100 1 _aCROWDER, NORMAN A.
245 1 0 _aINTRODUCCION A LA GENETICA :
_bMANUAL ANTOPROGRAMADO
250 _a1a ed.
260 _aARGENTINA :
_bPAIDOS,
_c1973
300 _a269
650 1 4 _aGENETICA
999 _c46
_d46